| 000 | 00686nam a2200217Ia 4500 | ||
|---|---|---|---|
| 003 | GCL | ||
| 008 | 140319s9999 xx 000 0 ara d | ||
| 040 |
_aGCL / _cGCL |
||
| 082 | 0 | 4 |
_a301.241 _bر ث |
| 100 | 1 | _aراجى عنايت | |
| 245 | 1 | 0 |
_aثورة حضارية زاحفة وماذا عن مستقبل مصر 00? / _cراجى عنايت |
| 260 |
_a[S.N] : _bدار الهلال للطباعة والنشر ، _c1987 |
||
| 300 | _a181 ص | ||
| 490 | _a | ||
| 650 | 0 | 4 | _aمصر |
| 650 | 0 | 4 | _aالاحوال الاقتصادية |
| 650 | 0 | 4 | _aالديمقراطية |
| 650 | 0 | 4 | _aالعلم والحضارة |
| 650 | 0 | 4 | _aالتقدم الاجتماعى |
| 942 |
_2ddc _cBK |
||
| 999 |
_c31260 _d31260 |
||